| 000 | 00522nab a2200145Ia 4500 | ||
|---|---|---|---|
| 003 | ES-SlBCS | ||
| 005 | 20210601133744.0 | ||
| 008 | 140529s1994 xxu||||| |||| 00| 0 por d | ||
| 041 | _apor | ||
| 100 | 1 |
_aSánchez Teixeira, Maria Cecília _9209275 |
|
| 245 | 0 | 0 |
_aSócio-antropológica do cotidiano e educaçao: uma persspectiva paradigmática _c Maria Cecília Sanchez Teixeira |
| 650 | 0 | 4 |
_aCotidianidad-Antropología _9209276 |
| 773 | 0 |
_tEducaçao e Filosofia _gvol. 8, nº. 15, 1994, págs. 75-82 _wRev1534 |
|
| 942 | _cAR | ||
| 999 |
_c601589 _d601589 |
||